Community development and beyond : (Record no. 2397)
[ view plain ]
| 000 -LEADER | |
|---|---|
| fixed length control field | 01030nam a2200325 a 4500 |
| 001 - CONTROL NUMBER | |
| control field | 2151032 |
| 003 - CONTROL NUMBER IDENTIFIER | |
| control field | GZU |
| 005 - DATE AND TIME OF LATEST TRANSACTION | |
| control field | 20201029111029.0 |
| 008 - FIXED-LENGTH DATA ELEMENTS--GENERAL INFORMATION | |
| fixed length control field | 980721s1998 sa b 001 0 eng c |
| 010 ## - LIBRARY OF CONGRESS CONTROL NUMBER | |
| LC control number | 98173349 |
| 020 ## - INTERNATIONAL STANDARD BOOK NUMBER | |
| International Standard Book Number | 9780627023507 |
| 035 ## - SYSTEM CONTROL NUMBER | |
| System control number | (OCoLC)40355173 |
| 040 ## - CATALOGING SOURCE | |
| Original cataloging agency | IEN |
| Transcribing agency | IEN |
| Modifying agency | DLC |
| 042 ## - AUTHENTICATION CODE | |
| Authentication code | pcc |
| 050 00 - LIBRARY OF CONGRESS CALL NUMBER | |
| Classification number | HN 710 |
| Item number | BEE 1998 |
| 082 00 - DEWEY DECIMAL CLASSIFICATION NUMBER | |
| Classification number | 307.14 |
| Edition number | 21 |
| 100 1# - MAIN ENTRY--PERSONAL NAME | |
| Personal name | De Beer, Frik. |
| 245 10 - TITLE STATEMENT | |
| Title | Community development and beyond : |
| Remainder of title | issues, structures and procedures / |
| Statement of responsibility, etc. | Frik de Beer & Hennie Swanepoel. |
| 250 ## - EDITION STATEMENT | |
| Edition statement | 1st ed. |
| 260 ## - PUBLICATION, DISTRIBUTION, ETC. | |
| Place of publication, distribution, etc. | Pretoria : |
| Name of publisher, distributor, etc. | J.L. van Schaik, |
| Date of publication, distribution, etc. | 1998. |
| 300 ## - PHYSICAL DESCRIPTION | |
| Extent | 118 p. ; |
| Dimensions | 25 cm. |
| 504 ## - BIBLIOGRAPHY, ETC. NOTE | |
| Bibliography, etc. note | Includes bibliographical references and index. |
| 650 #0 - SUBJECT ADDED ENTRY--TOPICAL TERM | |
| Topical term or geographic name entry element | Community development. |
| 650 #0 - SUBJECT ADDED ENTRY--TOPICAL TERM | |
| Topical term or geographic name entry element | Community development |
| General subdivision | Case studies. |
| 700 1# - ADDED ENTRY--PERSONAL NAME | |
| Personal name | Swanepoel, Hennie. |
| 906 ## - LOCAL DATA ELEMENT F, LDF (RLIN) | |
| a | 7 |
| b | cbc |
| c | pccadap |
| d | 3 |
| e | ncip |
| f | 19 |
| g | y-gencatlg |
| 942 ## - ADDED ENTRY ELEMENTS (KOHA) | |
| Source of classification or shelving scheme | Library of Congress Classification |
| Koha item type | Books |
| Edition | 1st |
| Classification part | 710 |
| Item part | BEE |
| Call number prefix | HN |
| Withdrawn status | Lost status | Damaged status | Not for loan | Collection code | Home library | Current library | Shelving location | Date acquired | Total Checkouts | Full call number | Barcode | Date last seen | Copy number | Price effective from | Koha item type |
|---|---|---|---|---|---|---|---|---|---|---|---|---|---|---|---|
| Non-fiction | City Campus Library | City Campus Library | General Stacks | 10/29/2020 | HN 710 BEE 1998 | 027468 | 10/29/2020 | c.1 | 10/29/2020 | Books |